000 00618nam a2200229Ia 4500
003 OSt
005 20220928140655.0
006 a|||||r|||| 00| 0
007 ta
008 220927b |||||||| |||| 00| 0 eng d
024 _a10886
037 _cTextual
040 _aSDCL
_cSDCL
_beng
041 _2eng
_aeng
082 _aB2812, N9
100 _aYong Jiongmin
_9455453
245 0 _aStochastic controls
_b Hamiltonian systems and HJB equations.
260 _c1999
700 _a Zhou Xun Yu
_9496892
942 _hB2812, N9
_cTEXL
_2CC
999 _c813344
_d813344